Countries with nutrias - Statistics

General Stats
  • This quiz has been taken 12 times
  • The average score is 19 of 25
Answer Stats
Answer % Correct
Germany
100%
United Kingdom
100%
France
91%
Poland
91%
United States
91%
Hungary
82%
Romania
82%
Spain
82%
Argentina
73%
Brazil
73%
Chile
73%
Czech Republic
73%
Denmark
73%
Italy
73%
Norway
73%
Paraguay
73%
Sweden
73%
Switzerland
73%
Uruguay
73%
Austria
64%
Belgium
64%
Bolivia
64%
Netherlands
64%
Japan
55%
Greece
45%
No matching quizzes found
Score Distribution
Percent of People with Each Score
Percentile by Number Answered
Your Score History
You have not taken this quiz